000 02867nam a2200457 c 4500
003 BLK
005 20180420231426.0
008 180409b bul|||||r ||||||| ||bul||
010 _aKNG00125493000
020 _a978-954-792-241-9
_bиздат.: СКОРПИО ви
040 _aBLK
041 _aBUL
_cBUL
072 7 _2bullib
_aН61
_xМедицина Н
072 7 _2bullib
_aЛ01
_xЗаболявания
080 _aПсихофизиология. Висша нервна дейност - Време на психична реакция;внимание, асоциация, памет, фантазия ; инстинкт, възбудимост и усещане (в психологичен смисъл), стрес; воля, съзнателно координиране и
_b612.821
_x(02.062)
_z612.821(02.062)
080 _aПсихиатрична симптоматология. Учение за признаците на психичните заболявания - Разстройства на усещанията и възприятията:дереализация,мнима бременност,халюцинации,еуфория;разстройства на речта,паметта
_b616.89-008.4
_x(02.062)
_z616.89-008.4(02.062)
080 _aФункционални заболявания на нервната система. Неврози. Невропатии - Хорея, витово хоро, тетания, Паркинсон, наузея - чувство за повръщане и подобни състояния от различен произход(морска болест, въздуш
_b616.85
_x(02.062)
_z616.85(02.062)
100 1 _aТрикет, Шърли
_eпърви автор
_9131315
700 1 _aСтаматова, Златка
_eпрев.
_9312789
139 _aТрикет, Шърли
_bТ 83
245 1 0 _aКак да се справим с тревогата и депресията
_bПреодоляване на често срещаните проблеми
_cШърли Трикет; прев. Златка Стаматова.
257 _aBGR
260 София
_bСКОРПИО ви
_c2008
300 _a144 с.
_c20 см
380 _a61
490 1 _aПопулярна психология, общуване, усъвършенстване
500 _aОриг. загл. Coping with anxiety and depression / Shirley Trickett.
650 4 _aСтрес, психически - преодоляване
_9264968
650 4 _aДепресии
_9153010
650 4 _aНеврози
_9163845
653 _aпсихични болести
653 _aтерапия
653 _aпсихиатрия
659 _aЛ
659 _aН
852 _aЦб 252760
856 4 _qpdf
_u
856 4 _qpdf
_u
942 _cKNG
_n0
944 _aCR
_c30.08.2011
_kИрена_Линкова
944 _aED
_c16.04.2013
_k
999 _c119877
_d119877